000 00308nam a22001337a 4500
008 170807b xxu||||| |||| 00| 0 eng d
020 _a9780132447492
041 _aeng
080 _22ND
_a004
100 _a34
101 _aSHK
245 _aCOMPUTER FORENSICS AND CYBER CRIME
_cBRITZ,M.T
942 _2udc
_cBK
999 _c22820
_d22820